Statistiken für Fußball: Weltmeister-Trainer

Klicken Sie hier um das Quiz zu spielen!

Allgemein

  • Dieses Quiz wurde 263 mal gespielt
    (91 seit der letzten Aktualisierung)
  • Das Durchschnittsergebnis liegt bei 6 aus 22

Antwortstatistiken

JahrWeltmeisterTrainer% Korrekt
2014DeutschlandJoachim Löw
100%
2018FrankreichDidier Deschamps
85%
1990DeutschlandFranz Beckenbauer
78%
1954DeutschlandSepp Herberger
52%
2010SpanienVicente del Bosque
52%
1974DeutschlandHelmut Schön
50%
2002BrasilienLuiz Felipe Scolari
39%
2006ItalienMarcello Lippi
37%
2022ArgentinienLionel Scaloni
32%
1970BrasilienMário Zagallo
23%
1978ArgentinienCésar Luis Menotti
17%
1998FrankreichAimé Jacquet
15%
1994BrasilienCarlos Alberto Parreira
12%
1966EnglandAlf Ramsey
10%
1938ItalienVittorio Pozzo
5%
1934ItalienVittorio Pozzo
5%
1986ArgentinienCarlos Bilardo
4%
1930UruguayAlberto Suppici
2%
1962BrasilienAymoré Moreira
2%
1982ItalienEnzo Bearzot
2%
1950UruguayJuan Lopez
2%
1958BrasilienVicente Feola
2%

Verteilung der Resultate

Perzentil nach korrekt beantworteten Fragen

Anzahl Personen mit jedem Resultat

Ihre Resultats-Entwicklung

Sie haben dieses Quiz seit der letzten Aktualisierung nicht gespielt